温州S1号线全部站点All stations of Wenzhou rail transit - Statistics

General Stats
  • This quiz has been taken 12 times
  • The average score is 14 of 18
Answer Stats
在这输入 % Correct
惠民路
91%
奥体中心
91%
桐岭
82%
动车南站
82%
新桥
82%
永中
82%
灵昆
82%
瓯江口
82%
双瓯大道
82%
德政
73%
龙霞路
73%
三垟湿地
73%
科技城
73%
机场
73%
潘桥
64%
龙腾路
64%
瑶溪
64%
瓯华
64%
No matching quizzes found
Score Distribution
Percent of People with Each Score
Percentile by Number Answered
Your Score History
You have not taken this quiz